| 000 | 00575nam a2200181 a 4500 | ||
|---|---|---|---|
| 001 | 000041355 | ||
| 005 | 20201002034821.0 | ||
| 008 | 131001s2001 sp 001 0 spa d | ||
| 020 | _a8448603516 | ||
| 100 | 1 |
_aMosquera González, José Manuel _962383 |
|
| 245 | 1 | 0 |
_aFarmacología clínica. : _bpara enfermería / _cJosé Manuel Mosquera González, Pedro Galdos Anuncibay. |
| 250 | _a3a. ed. | ||
| 260 |
_aEspaña : _bMcGraw-Hill, _c2001. |
||
| 300 |
_a458 p. ; _c25 cm. |
||
| 504 | _aBibliografía p: 437 | ||
| 700 | 1 |
_aGaldos Anuncibay, Pedro _962384 |
|
| 999 |
_c40845 _d40845 |
||
| 040 | _aDO-SdBNP | ||